| 000 | 01077nam a2200373 a 4500 | ||
|---|---|---|---|
| 001 | 200466973 | ||
| 003 | TR-IsYBT | ||
| 005 | 20260114165540.0 | ||
| 007 | t | ||
| 008 | 120731b$$$$1978tu#$r01###$$$$#tur u | ||
| 040 |
_btur _erda _cTR-AnTOB |
||
| 041 | 0 | _atur | |
| 044 | _ctu | ||
| 050 | 0 | 0 | _aPA2092 |
| 090 | 0 | 0 |
_aPA2092 _bB781978 |
| 100 | 1 | _aBrunner, H.. | |
| 245 | 1 |
_aEczacılık, botanik ve tıp öğreniminde yardımcı mesleki latince/ _cH. Brunner ; H. Brunner, N. Tanker. |
|
| 264 | 1 |
_aAnkara : _bAnkara Üniversitesi |
|
| 264 | 4 | _c1978 | |
| 300 | _aix, 162 sayfa | ||
| 336 |
_ametin _btxt _2rdacontent |
||
| 337 |
_aaracısız _bn _2rdamedia |
||
| 338 |
_acilt _bnc _2rdacarrier |
||
| 490 | 1 |
_aAnkara Üniversitesi Eczacılık Fakültesi yayınları ; _vsayı. |
|
| 490 | 1 | _a47 | |
| 650 | 0 | _aTıp--Terminoloji. | |
| 650 | 0 | _aMedicine--Terminology. | |
| 650 | 0 | _aLatince--gramer. | |
| 830 | 1 |
_aAnkara Üniversitesi Eczacılık Fakültesi yayınları ; _vsayı. |
|
| 830 | 1 | _a47 | |
| 902 | _a0038074 | ||
| 942 |
_2lcc _cBK |
||
| 999 |
_c200466973 _d85185 |
||